000 00491nam a22001697a 4500
999 _c3359
_d3359
008 200609b ||||| |||| 00| 0 eng d
082 0 0 _a621.3
_bB923
100 _92807
_aBuckingham, H.
245 1 0 _aElectro-technology: for National Certificate Courses; Vol-II
_cby H. Buckingham
250 _a1st ed.
260 _aLondon
_bEnglish Universities Press
_c1956
300 _axiii,15-298p.
365 _d8.13
650 0 _aElectrical Engineering
700 _92808
_aPrice, E. M.
942 _cBK